000 00820nam a2200229 i 4500
001 67466
003 ES-MaACL
005 20230906170058.0
007 t|
008 040528s2003 sp ||||1| spa d
020 _a84-920931-3-7
080 _a(038)=134.2=922
100 1 _aDiego de la Rosa, Fernando de.
_944560
245 1 0 _aGran diccionario español-esperanto /
_cFernando de Diego ; coordinador = kunordigis, Antonio Valén Fernández ; equipo de revisión = reviziis, Hèctor Alòs i Font.
260 _aSantander :
_bMGA,
_c[2003]
300 _aXX, 1279 p. ;
_c25 cm.
504 _aBibliografía : p. [XV]-XVII.
650 4 _aLengua española-
_vDiccionarios-
_xEsperanto.
_914141
700 1 _aValén Fernández, Antonio.
_9112561
700 1 _aAlòs i Font, Hèctor.
_920448
852 4 _aES-MaACL
_jL-27691
999 _c67466
_d67466